[Event "DVM U10 2023"]
[Site "Magdeburg GER"]
[Date "2023.12.27"]
[Round "2"]
[White "Cetinalp, Poyraz"]
[Black "Stentrup, Levi"]
[Result "1/2-1/2"]
[Termination "normal"]
[Board "6.3"]
[WhiteElo "1171"]
[BlackElo "1169"]
[WhiteClock "00:21:32"]
[BlackClock "00:36:26"]
[WhiteTeam "SV Dresden-Striesen 1990"]
[BlackTeam "SK Münster 32"]
[PlyCount "87"]
[WhiteFideId "34671340"]
[BlackFideId "34692509"]
[EventCountry "GER"]
[EventRounds "7"]
[EventType "team-swiss"]
[EventDate "2023.12.27"]

1. e4 {[%clk 00:55:09]} e5 {[%clk 00:55:01]} {[%emt 00:00:09]} 2. Nf3 {[%clk
00:55:11]} {[%emt 00:00:03]} Nc6 {[%clk 00:54:58]} {[%emt 00:00:08]} 3. Bb5
{[%clk 00:55:12]} {[%emt 00:00:05]} Nf6 {[%clk 00:54:55]} {[%emt 00:00:08]} 4.
Nc3 {[%clk 00:55:09]} {[%emt 00:00:08]} Nd4 {[%clk 00:54:32]} {[%emt 00:00:28]}
5. Bc4 {[%clk 00:54:16]} {[%emt 00:00:58]} d6 {[%clk 00:54:01]} {[%emt
00:00:35]} 6. O-O {[%clk 00:52:41]} {[%emt 00:01:40]} Bg4 {[%clk 00:53:56]}
{[%emt 00:00:10]} 7. Be2 {[%clk 00:51:42]} {[%emt 00:01:04]} Nxe2+ {[%clk
00:53:42]} {[%emt 00:00:19]} 8. Qxe2 {[%clk 00:51:29]} {[%emt 00:00:18]} Be7
{[%clk 00:52:53]} {[%emt 00:00:54]} 9. Qe3 {[%clk 00:50:17]} {[%emt 00:01:15]}
O-O {[%clk 00:51:37]} {[%emt 00:01:23]} 10. b3 {[%clk 00:47:11]} {[%emt
00:03:11]} c6 {[%clk 00:49:42]} {[%emt 00:02:00]} 11. Bb2 {[%clk 00:46:51]}
{[%emt 00:00:25]} Bxf3 {[%clk 00:49:06]} {[%emt 00:00:41]} 12. Qxf3 {[%clk
00:46:48]} {[%emt 00:00:08]} d5 {[%clk 00:49:04]} {[%emt 00:00:07]} 13. Qf5
{[%clk 00:43:16]} {[%emt 00:03:36]} dxe4 {[%clk 00:48:50]} {[%emt 00:00:20]}
14. Rad1 {[%clk 00:42:29]} {[%emt 00:00:48]} Qc8 {[%clk 00:48:23]} {[%emt
00:00:36]} 15. Qxe5 {[%clk 00:41:47]} {[%emt 00:00:47]} Qe6 {[%clk 00:43:22]}
{[%emt 00:05:07]} 16. Qxe6 {[%clk 00:40:03]} {[%emt 00:01:48]} fxe6 {[%clk
00:43:19]} {[%emt 00:00:08]} 17. Rde1 {[%clk 00:39:32]} {[%emt 00:00:34]} Rad8
{[%clk 00:42:22]} {[%emt 00:01:05]} 18. Re2 {[%clk 00:37:34]} {[%emt 00:02:01]}
Bb4 {[%clk 00:41:50]} {[%emt 00:00:39]} 19. Nxe4 {[%clk 00:35:05]} {[%emt
00:02:33]} Nxe4 {[%clk 00:41:47]} {[%emt 00:00:08]} 20. Rxe4 {[%clk 00:34:13]}
{[%emt 00:00:57]} Rxd2 {[%clk 00:41:43]} {[%emt 00:00:09]} 21. Rxb4 {[%clk
00:33:15]} {[%emt 00:01:04]} Rxc2 {[%clk 00:41:23]} {[%emt 00:00:24]} 22. Bd4
{[%clk 00:31:14]} {[%emt 00:02:03]} c5 {[%clk 00:41:23]} {[%emt 00:00:09]} 23.
Bxc5 {[%clk 00:30:29]} {[%emt 00:00:46]} Rxc5 {[%clk 00:41:19]} {[%emt
00:00:13]} 24. Rxb7 {[%clk 00:30:24]} {[%emt 00:00:10]} Ra5 {[%clk 00:41:00]}
{[%emt 00:00:24]} 25. h3 {[%clk 00:29:57]} {[%emt 00:00:31]} Rxa2 {[%clk
00:40:56]} {[%emt 00:00:09]} 26. Re7 {[%clk 00:29:33]} {[%emt 00:00:29]} Rf6
{[%clk 00:40:40]} {[%emt 00:00:22]} 27. Rd1 {[%clk 00:28:54]} {[%emt 00:00:42]}
Rfxf2 {[%clk 00:40:15]} {[%emt 00:00:30]} 28. Rd8+ {[%clk 00:28:37]} {[%emt
00:00:23]} Rf8 {[%clk 00:40:18]} {[%emt 00:00:02]} 29. Rxf8+ {[%clk 00:28:32]}
{[%emt 00:00:10]} Kxf8 {[%clk 00:40:12]} {[%emt 00:00:11]} 30. Rxe6 {[%clk
00:28:32]} {[%emt 00:00:05]} Rb2 {[%clk 00:40:03]} {[%emt 00:00:14]} 31. Re3
{[%clk 00:27:56]} {[%emt 00:00:41]} Kf7 {[%clk 00:40:00]} {[%emt 00:00:08]} 32.
Kh2 {[%clk 00:26:33]} {[%emt 00:01:29]} Kf6 {[%clk 00:39:32]} {[%emt 00:00:33]}
33. Kg3 {[%clk 00:26:14]} {[%emt 00:00:23]} Kf5 {[%clk 00:39:01]} {[%emt
00:00:37]} 34. Kf3 {[%clk 00:26:10]} {[%emt 00:00:09]} g5 {[%clk 00:38:48]}
{[%emt 00:00:17]} 35. g4+ {[%clk 00:26:05]} {[%emt 00:00:09]} Kf6 {[%clk
00:38:43]} {[%emt 00:00:11]} 36. Kg3 {[%clk 00:25:33]} {[%emt 00:00:37]} Ra2
{[%clk 00:37:39]} {[%emt 00:01:09]} 37. h4 {[%clk 00:24:37]} {[%emt 00:01:01]}
gxh4+ {[%clk 00:37:23]} {[%emt 00:00:21]} 38. Kxh4 {[%clk 00:24:33]} {[%emt
00:00:10]} Ra3 {[%clk 00:37:17]} {[%emt 00:00:11]} 39. Kg3 {[%clk 00:22:39]}
{[%emt 00:01:58]} a5 {[%clk 00:37:01]} {[%emt 00:00:22]} 40. Kf4 {[%clk
00:22:03]} {[%emt 00:00:40]} a4 {[%clk 00:36:46]} {[%emt 00:00:20]} 41. bxa4
{[%clk 00:21:55]} {[%emt 00:00:14]} Rxa4+ {[%clk 00:36:43]} {[%emt 00:00:08]}
42. Re4 {[%clk 00:21:39]} {[%emt 00:00:20]} Rxe4+ {[%clk 00:36:30]} {[%emt
00:00:19]} 43. Kxe4 {[%clk 00:21:31]} {[%emt 00:00:13]} Kg5 {[%clk 00:36:26]}
{[%emt 00:00:08]} 44. Kf3 {[%clk 00:21:32]} {[%emt 00:00:05]} 1/2-1/2

[Event "DVM U10 2023"]
[Site "Magdeburg GER"]
[Date "2023.12.27"]
[Round "2"]
[White "Tischlinger, Lara"]
[Black "Sauer, Ben"]
[Result "1/2-1/2"]
[Termination "normal"]
[Board "7.1"]
[WhiteElo "1312"]
[BlackElo "1429"]
[WhiteClock "00:04:13"]
[BlackClock "00:14:44"]
[WhiteTeam "SK Weisse Dame Hamburg"]
[BlackTeam "Schachzentrum Bemerode"]
[PlyCount "112"]
[WhiteFideId "34663401"]
[BlackFideId "34606866"]
[EventCountry "GER"]
[EventRounds "7"]
[EventType "team-swiss"]
[EventDate "2023.12.27"]

1. e4 {[%clk 00:55:07]} {[%emt 00:00:03]} c5 {[%clk 00:55:04]} {[%emt
00:00:07]} 2. c3 {[%clk 00:55:06]} {[%emt 00:00:05]} Nc6 {[%clk 00:54:47]}
{[%emt 00:00:22]} 3. d4 {[%clk 00:55:03]} {[%emt 00:00:08]} cxd4 {[%clk
00:54:44]} {[%emt 00:00:09]} 4. cxd4 {[%clk 00:55:01]} {[%emt 00:00:06]} d6
{[%clk 00:53:40]} {[%emt 00:01:10]} 5. Nf3 {[%clk 00:54:04]} {[%emt 00:01:02]}
e5 {[%clk 00:50:54]} {[%emt 00:02:51]} 6. dxe5 {[%clk 00:52:06]} {[%emt
00:02:02]} dxe5 {[%clk 00:50:48]} {[%emt 00:00:11]} 7. Qxd8+ {[%clk 00:51:41]}
{[%emt 00:00:30]} Kxd8 {[%clk 00:50:43]} {[%emt 00:00:10]} 8. Bc4 {[%clk
00:51:27]} {[%emt 00:00:19]} f6 {[%clk 00:50:17]} {[%emt 00:00:31]} 9. Nc3
{[%clk 00:51:04]} {[%emt 00:00:29]} Bc5 {[%clk 00:49:05]} {[%emt 00:01:17]} 10.
Bd2 {[%clk 00:49:58]} {[%emt 00:01:11]} Bg4 {[%clk 00:47:40]} {[%emt 00:01:29]}
11. Rd1 {[%clk 00:47:39]} {[%emt 00:02:24]} Ke8 {[%clk 00:45:16]} {[%emt
00:02:30]} 12. Nd5 {[%clk 00:41:23]} {[%emt 00:06:21]} Rc8 {[%clk 00:44:25]}
{[%emt 00:00:56]} 13. Rc1 {[%clk 00:38:56]} {[%emt 00:02:32]} Bd6 {[%clk
00:41:44]} {[%emt 00:02:45]} 14. Bc3 {[%clk 00:34:21]} {[%emt 00:04:40]} Nge7
{[%clk 00:40:24]} {[%emt 00:01:25]} 15. a3 {[%clk 00:31:09]} {[%emt 00:03:17]}
Nxd5 {[%clk 00:37:56]} {[%emt 00:02:33]} 16. Bxd5 {[%clk 00:29:37]} {[%emt
00:01:38]} Kd7 {[%clk 00:37:23]} {[%emt 00:00:37]} 17. Nd2 {[%clk 00:28:50]}
{[%emt 00:00:52]} Be6 {[%clk 00:37:10]} {[%emt 00:00:18]} 18. Bxe6+ {[%clk
00:28:13]} {[%emt 00:00:43]} Kxe6 {[%clk 00:37:04]} {[%emt 00:00:11]} 19. Nb3
{[%clk 00:25:58]} {[%emt 00:02:20]} Rhd8 {[%clk 00:35:30]} {[%emt 00:01:38]}
20. Ke2 {[%clk 00:25:31]} {[%emt 00:00:33]} Rc7 {[%clk 00:34:27]} {[%emt
00:01:07]} 21. Rhd1 {[%clk 00:25:05]} {[%emt 00:00:31]} Be7 {[%clk 00:32:49]}
{[%emt 00:01:43]} 22. Rxd8 {[%clk 00:24:37]} {[%emt 00:00:33]} Nxd8 {[%clk
00:32:12]} {[%emt 00:00:42]} 23. Rd1 {[%clk 00:23:42]} {[%emt 00:01:00]} Rd7
{[%clk 00:31:44]} {[%emt 00:00:33]} 24. Rxd7 {[%clk 00:23:08]} {[%emt
00:00:40]} Kxd7 {[%clk 00:31:43]} {[%emt 00:00:06]} 25. Kd3 {[%clk 00:22:56]}
{[%emt 00:00:17]} Ne6 {[%clk 00:30:41]} {[%emt 00:01:07]} 26. Ke3 {[%clk
00:18:52]} {[%emt 00:04:09]} b6 {[%clk 00:30:04]} {[%emt 00:00:42]} 27. f3
{[%clk 00:16:14]} {[%emt 00:02:42]} g5 {[%clk 00:28:55]} {[%emt 00:01:13]} 28.
Bd2 {[%clk 00:14:19]} {[%emt 00:02:01]} Kc6 {[%clk 00:28:26]} {[%emt 00:00:34]}
29. Be1 {[%clk 00:12:59]} {[%emt 00:01:25]} Kb5 {[%clk 00:27:48]} {[%emt
00:00:42]} 30. Kd2 {[%clk 00:12:22]} {[%emt 00:00:43]} Kc4 {[%clk 00:27:06]}
{[%emt 00:00:47]} 31. Kc2 {[%clk 00:11:58]} {[%emt 00:00:30]} h5 {[%clk
00:25:47]} {[%emt 00:01:23]} 32. Nd2+ {[%clk 00:11:30]} {[%emt 00:00:34]} Kb5
{[%clk 00:24:43]} {[%emt 00:01:08]} 33. Nf1 {[%clk 00:10:49]} {[%emt 00:00:46]}
h4 {[%clk 00:24:02]} {[%emt 00:00:46]} 34. Ne3 {[%clk 00:10:37]} {[%emt
00:00:18]} Bc5 {[%clk 00:23:20]} {[%emt 00:00:47]} 35. Nd5 {[%clk 00:10:07]}
{[%emt 00:00:35]} Nf4 {[%clk 00:22:39]} {[%emt 00:00:45]} 36. Nxf4 {[%clk
00:09:37]} {[%emt 00:00:35]} exf4 {[%clk 00:22:37]} {[%emt 00:00:08]} 37. Bc3
{[%clk 00:09:33]} {[%emt 00:00:09]} Be7 {[%clk 00:22:12]} {[%emt 00:00:29]} 38.
Bd4 {[%clk 00:09:19]} {[%emt 00:00:19]} Kc4 {[%clk 00:21:43]} {[%emt 00:00:34]}
39. Bc3 {[%clk 00:09:09]} {[%emt 00:00:16]} b5 {[%clk 00:21:25]} {[%emt
00:00:22]} 40. Kd2 {[%clk 00:07:12]} {[%emt 00:02:02]} b4 {[%clk 00:19:21]}
{[%emt 00:02:10]} 41. axb4 {[%clk 00:06:35]} {[%emt 00:00:42]} Bxb4 {[%clk
00:19:14]} {[%emt 00:00:12]} 42. Bxb4 {[%clk 00:05:52]} {[%emt 00:00:47]} Kxb4
{[%clk 00:19:13]} {[%emt 00:00:06]} 43. Kc2 {[%clk 00:05:09]} {[%emt 00:00:48]}
Kc4 {[%clk 00:18:56]} {[%emt 00:00:23]} 44. h3 {[%clk 00:04:34]} {[%emt
00:00:40]} Kb4 {[%clk 00:18:53]} {[%emt 00:00:08]} 45. b3 {[%clk 00:04:28]}
{[%emt 00:00:11]} a5 {[%clk 00:18:47]} {[%emt 00:00:11]} 46. Kb2 {[%clk
00:04:29]} {[%emt 00:00:03]} Kb5 {[%clk 00:18:20]} {[%emt 00:00:32]} 47. Kc3
{[%clk 00:04:26]} {[%emt 00:00:08]} Kc5 {[%clk 00:18:19]} {[%emt 00:00:06]} 48.
Kd3 {[%clk 00:04:14]} {[%emt 00:00:17]} Kb4 {[%clk 00:18:15]} {[%emt 00:00:10]}
49. Kc2 {[%clk 00:04:18]} {[%emt 00:00:01]} Kc5 {[%clk 00:16:11]} {[%emt
00:02:09]} 50. Kc3 {[%clk 00:04:12]} {[%emt 00:00:10]} Kb5 {[%clk 00:16:11]}
{[%emt 00:00:06]} 51. Kc2 {[%clk 00:04:14]} {[%emt 00:00:03]} Kb4 {[%clk
00:14:44]} {[%emt 00:01:32]} 52. Kb2 {[%clk 00:04:13]} {[%emt 00:00:05]} Kc5
{[%emt 00:05:09]} 53. Kc3 Kb5 54. Kd4 {[%emt 00:00:02]} Kb4 55. Kc3+ {[%emt
00:00:03]} Kc5 {[%emt 00:00:02]} 56. Kd4+ {[%emt 00:00:03]} Kd5+ 1/2-1/2

[Event "DVM U10 2023"]
[Site "Magdeburg GER"]
[Date "2023.12.27"]
[Round "2"]
[White "Schäfer, Amadeus"]
[Black "Horn, Niclas"]
[Result "1-0"]
[Termination "normal"]
[Board "7.2"]
[WhiteElo "1432"]
[BlackElo "1058"]
[WhiteClock "00:29:34"]
[BlackClock "00:36:39"]
[WhiteTeam "Schachzentrum Bemerode"]
[BlackTeam "SK Weisse Dame Hamburg"]
[PlyCount "79"]
[WhiteFideId "34660585"]
[BlackFideId "34663428"]
[EventCountry "GER"]
[EventRounds "7"]
[EventType "team-swiss"]
[EventDate "2023.12.27"]

1. e4 {[%clk 00:55:02]} {[%emt 00:00:08]} c5 {[%clk 00:55:06]} {[%emt
00:00:04]} 2. Nf3 {[%clk 00:55:01]} {[%emt 00:00:06]} d6 {[%clk 00:55:03]}
{[%emt 00:00:08]} 3. d4 {[%emt 00:00:07]} cxd4 {[%clk 00:55:00]} {[%emt
00:00:05]} 4. Nxd4 {[%clk 00:55:02]} {[%emt 00:00:05]} Nf6 {[%clk 00:54:58]}
{[%emt 00:00:07]} 5. Nc3 {[%clk 00:55:01]} {[%emt 00:00:06]} a6 {[%clk
00:54:57]} {[%emt 00:00:06]} 6. Be3 {[%clk 00:54:56]} {[%emt 00:00:09]} e5
{[%clk 00:54:53]} {[%emt 00:00:11]} 7. Nb3 {[%clk 00:54:42]} {[%emt 00:00:18]}
Be6 {[%clk 00:54:50]} {[%emt 00:00:08]} 8. Be2 {[%clk 00:53:39]} {[%emt
00:01:08]} Be7 {[%clk 00:54:49]} {[%emt 00:00:07]} 9. O-O {[%clk 00:52:39]}
{[%emt 00:01:02]} O-O {[%clk 00:54:49]} {[%emt 00:00:07]} 10. f3 {[%clk
00:50:38]} {[%emt 00:02:06]} Nbd7 {[%clk 00:54:42]} {[%emt 00:00:12]} 11. Qd2
{[%clk 00:49:10]} {[%emt 00:01:33]} Nb6 {[%clk 00:53:06]} {[%emt 00:01:42]} 12.
Kh1 {[%clk 00:48:07]} {[%emt 00:01:08]} Nc4 {[%clk 00:52:31]} {[%emt 00:00:39]}
13. Bxc4 {[%clk 00:47:49]} {[%emt 00:00:23]} Bxc4 {[%clk 00:52:28]} {[%emt
00:00:09]} 14. Rfd1 {[%clk 00:47:07]} {[%emt 00:00:45]} Qc7 {[%clk 00:51:52]}
{[%emt 00:00:42]} 15. Bg5 {[%clk 00:46:07]} {[%emt 00:01:05]} Rfd8 {[%clk
00:51:27]} {[%emt 00:00:30]} 16. Qe3 {[%clk 00:42:32]} {[%emt 00:03:38]} d5
{[%clk 00:50:50]} {[%emt 00:00:44]} 17. exd5 {[%clk 00:40:27]} Bxd5 {[%clk
00:50:44]} {[%emt 00:02:21]} 18. Bxf6 {[%emt 00:02:35]} Bxb3 {[%clk 00:48:55]}
{[%emt 00:00:56]} 19. Bxe5 {[%clk 00:37:21]} {[%emt 00:01:57]} Qc6 {[%clk
00:45:29]} {[%emt 00:03:32]} 20. cxb3 {[%clk 00:35:58]} {[%emt 00:01:26]} Re8
{[%clk 00:44:49]} {[%emt 00:00:46]} 21. Qf4 {[%clk 00:34:39]} {[%emt 00:01:23]}
Bc5 {[%clk 00:43:36]} {[%emt 00:01:21]} 22. Bd4 {[%clk 00:33:28]} {[%emt
00:01:14]} Bxd4 {[%clk 00:42:42]} {[%emt 00:01:01]} 23. Qxd4 {[%clk 00:33:14]}
{[%emt 00:00:18]} h6 {[%clk 00:42:26]} {[%emt 00:00:21]} 24. Re1 {[%clk
00:32:39]} {[%emt 00:00:39]} Red8 {[%clk 00:42:10]} {[%emt 00:00:23]} 25. Qe4
{[%clk 00:32:19]} {[%emt 00:00:23]} Qxe4 {[%clk 00:41:49]} {[%emt 00:00:27]}
26. Rxe4 {[%clk 00:32:06]} {[%emt 00:00:19]} Rd7 {[%clk 00:41:31]} {[%emt
00:00:22]} 27. Rae1 {[%clk 00:31:08]} {[%emt 00:01:03]} b5 {[%clk 00:41:02]}
{[%emt 00:00:35]} 28. Re8+ {[%clk 00:30:51]} {[%emt 00:00:20]} Rxe8 {[%clk
00:40:57]} {[%emt 00:00:12]} 29. Rxe8+ {[%clk 00:30:51]} {[%emt 00:00:05]} Kh7
{[%clk 00:40:54]} {[%emt 00:00:07]} 30. h3 {[%clk 00:30:46]} {[%emt 00:00:10]}
Rd2 {[%clk 00:39:44]} {[%emt 00:01:16]} 31. Re2 {[%clk 00:30:36]} {[%emt
00:00:13]} Rd6 {[%clk 00:39:27]} {[%emt 00:00:23]} 32. Kg1 {[%clk 00:30:21]}
{[%emt 00:00:18]} Kg6 {[%clk 00:39:06]} {[%emt 00:00:28]} 33. g4 {[%clk
00:30:11]} {[%emt 00:00:14]} Kg5 {[%clk 00:38:30]} {[%emt 00:00:42]} 34. Ne4+
{[%clk 00:30:05]} {[%emt 00:00:11]} Kf4 {[%clk 00:38:16]} {[%emt 00:00:19]} 35.
Nxd6 {[%clk 00:30:02]} {[%emt 00:00:09]} Kxf3 {[%clk 00:38:11]} {[%emt
00:00:09]} 36. Rf2+ {[%clk 00:29:57]} {[%emt 00:00:11]} Kg3 {[%clk 00:37:29]}
{[%emt 00:00:47]} 37. Rxf7 {[%clk 00:29:46]} {[%emt 00:00:15]} Kxh3 {[%clk
00:37:20]} {[%emt 00:00:13]} 38. Rxg7 {[%clk 00:29:40]} {[%emt 00:00:12]} Kh4
{[%clk 00:37:06]} {[%emt 00:00:19]} 39. Kg2 {[%clk 00:29:34]} {[%emt 00:00:11]}
b4 {[%clk 00:36:39]} {[%emt 00:00:33]} 40. Nf5# {[%emt 00:00:05]} 1-0

[Event "DVM U10 2023"]
[Site "Magdeburg GER"]
[Date "2023.12.27"]
[Round "2"]
[White "Theelke, Luiz"]
[Black "Danisch, Bennett Laif"]
[Result "0-1"]
[Termination "normal"]
[Board "7.3"]
[WhiteElo "1054"]
[BlackElo "947"]
[WhiteClock "00:32:30"]
[BlackClock "00:38:42"]
[WhiteTeam "SK Weisse Dame Hamburg"]
[BlackTeam "Schachzentrum Bemerode"]
[PlyCount "120"]
[BlackFideId "34686118"]
[EventCountry "GER"]
[EventRounds "7"]
[EventType "team-swiss"]
[EventDate "2023.12.27"]

1. e4 {[%clk 00:55:07]} {[%emt 00:00:02]} e5 {[%clk 00:55:06]} {[%emt
00:00:05]} 2. Nf3 {[%clk 00:55:04]} {[%emt 00:00:07]} Nf6 {[%clk 00:55:06]}
{[%emt 00:00:06]} 3. Nxe5 {[%clk 00:55:02]} {[%emt 00:00:06]} Qe7 {[%clk
00:55:06]} {[%emt 00:00:06]} 4. d4 {[%clk 00:52:58]} {[%emt 00:02:09]} Nxe4
{[%clk 00:54:59]} {[%emt 00:00:09]} 5. Qf3 {[%clk 00:52:48]} {[%emt 00:00:17]}
Nf6 {[%clk 00:54:23]} {[%emt 00:00:42]} 6. Bc4 {[%clk 00:52:10]} {[%emt
00:00:43]} d6 {[%clk 00:53:50]} {[%emt 00:00:36]} 7. O-O {[%clk 00:50:38]}
{[%emt 00:01:38]} dxe5 {[%clk 00:53:43]} {[%emt 00:00:10]} 8. dxe5 {[%clk
00:50:04]} {[%emt 00:00:41]} Qxe5 {[%clk 00:52:57]} {[%emt 00:00:50]} 9. h3
{[%clk 00:49:17]} {[%emt 00:00:54]} Bd6 {[%clk 00:52:17]} {[%emt 00:00:44]} 10.
g3 {[%clk 00:48:51]} {[%emt 00:00:32]} O-O {[%clk 00:52:01]} {[%emt 00:00:20]}
11. Nc3 {[%clk 00:48:24]} {[%emt 00:00:32]} Bxh3 {[%clk 00:51:17]} {[%emt
00:00:48]} 12. Rd1 {[%clk 00:47:51]} {[%emt 00:00:39]} Nc6 {[%clk 00:50:40]}
{[%emt 00:00:42]} 13. Qh1 {[%clk 00:47:04]} {[%emt 00:00:52]} Bf5 {[%clk
00:50:04]} {[%emt 00:00:41]} 14. Bf4 {[%clk 00:46:23]} {[%emt 00:00:47]} Qe7
{[%clk 00:49:41]} {[%emt 00:00:27]} 15. Re1 {[%clk 00:45:23]} {[%emt 00:01:06]}
Qd7 {[%clk 00:49:20]} {[%emt 00:00:26]} 16. Bxd6 {[%clk 00:44:36]} {[%emt
00:00:52]} Qxd6 {[%clk 00:49:08]} {[%emt 00:00:16]} 17. Rad1 {[%clk 00:44:17]}
{[%emt 00:00:25]} Qc5 {[%clk 00:48:49]} {[%emt 00:00:24]} 18. Bb3 {[%clk
00:43:55]} {[%emt 00:00:27]} Rfe8 {[%clk 00:48:28]} {[%emt 00:00:26]} 19. Na4
{[%clk 00:42:36]} {[%emt 00:01:24]} Qf8 {[%clk 00:47:35]} {[%emt 00:00:57]} 20.
Nc3 {[%clk 00:41:16]} {[%emt 00:01:26]} Rad8 {[%emt 00:00:29]} 21. Qf3 {[%emt
00:00:32]} Rxd1 {[%clk 00:46:01]} {[%emt 00:00:38]} 22. Rxd1 {[%clk 00:41:11]}
{[%emt 00:00:09]} Bg4 {[%clk 00:45:43]} {[%emt 00:00:23]} 23. Qd3 {[%clk
00:40:02]} {[%emt 00:01:14]} Bxd1 {[%clk 00:45:22]} {[%emt 00:00:26]} 24. Qxd1
{[%clk 00:39:54]} {[%emt 00:00:13]} Rd8 {[%clk 00:45:06]} {[%emt 00:00:21]} 25.
Qf3 {[%clk 00:39:33]} {[%emt 00:00:26]} Qe8 {[%clk 00:44:24]} {[%emt 00:00:48]}
26. Ne2 {[%clk 00:39:15]} {[%emt 00:00:23]} Rd1+ {[%clk 00:44:06]} {[%emt
00:00:22]} 27. Kh2 {[%clk 00:38:57]} {[%emt 00:00:23]} Qe4 {[%clk 00:43:20]}
{[%emt 00:00:51]} 28. Qxe4 {[%clk 00:37:47]} {[%emt 00:01:16]} Nxe4 {[%clk
00:43:15]} {[%emt 00:00:09]} 29. f3 {[%clk 00:36:57]} {[%emt 00:00:55]} Rd2
{[%clk 00:43:09]} {[%emt 00:00:11]} 30. fxe4 {[%clk 00:36:05]} {[%emt
00:00:57]} Rxe2+ {[%emt 00:00:10]} 31. Kh3 {[%emt 00:00:07]} Rxe4 {[%clk
00:42:48]} {[%emt 00:00:08]} 32. Kg2 {[%clk 00:35:47]} {[%emt 00:00:24]} Nd4
{[%clk 00:42:39]} {[%emt 00:00:14]} 33. Ba4 {[%clk 00:35:26]} {[%emt 00:00:27]}
b5 {[%clk 00:42:32]} {[%emt 00:00:11]} 34. Bb3 {[%clk 00:35:21]} {[%emt
00:00:12]} Nxb3 {[%clk 00:42:30]} {[%emt 00:00:06]} 35. axb3 {[%clk 00:34:52]}
{[%emt 00:00:34]} Re2+ {[%clk 00:42:24]} {[%emt 00:00:09]} 36. Kf3 {[%clk
00:34:48]} {[%emt 00:00:11]} Rxc2 {[%clk 00:42:22]} {[%emt 00:00:06]} 37. Ke4
{[%clk 00:34:48]} {[%emt 00:00:06]} Rxb2 {[%clk 00:42:11]} {[%emt 00:00:03]}
38. Kd4 {[%clk 00:34:52]} Rxb3 {[%clk 00:42:06]} {[%emt 00:00:24]} 39. Kc5
{[%clk 00:34:50]} {[%emt 00:00:06]} a5 {[%clk 00:41:58]} {[%emt 00:00:13]} 40.
Kc6 {[%clk 00:34:31]} {[%emt 00:00:25]} a4 {[%clk 00:41:55]} {[%emt 00:00:06]}
41. Kb7 {[%clk 00:34:27]} {[%emt 00:00:08]} c5 {[%clk 00:41:29]} {[%emt
00:00:34]} 42. Kc6 {[%clk 00:34:07]} {[%emt 00:00:24]} Rd3 {[%clk 00:41:25]}
{[%emt 00:00:10]} 43. Kxc5 {[%clk 00:33:51]} {[%emt 00:00:22]} a3 {[%clk
00:41:18]} {[%emt 00:00:11]} 44. Kb6 {[%clk 00:33:48]} {[%emt 00:00:08]} Rc3
{[%clk 00:41:12]} {[%emt 00:00:10]} 45. Ka5 {[%clk 00:33:46]} {[%emt 00:00:09]}
a2 {[%clk 00:41:04]} {[%emt 00:00:12]} 46. Kb4 {[%clk 00:33:37]} {[%emt
00:00:13]} a1=Q {[%clk 00:40:54]} {[%emt 00:00:14]} 47. g4 {[%clk 00:33:31]}
{[%emt 00:00:13]} Qb2+ {[%clk 00:40:49]} {[%emt 00:00:09]} 48. Ka5 {[%clk
00:33:28]} {[%emt 00:00:09]} b4 {[%clk 00:40:37]} {[%emt 00:00:16]} 49. g5
{[%clk 00:33:29]} {[%emt 00:00:05]} b3 {[%clk 00:40:35]} {[%emt 00:00:06]} 50.
g6 {[%clk 00:33:30]} {[%emt 00:00:04]} Qa2+ {[%clk 00:40:26]} {[%emt 00:00:15]}
51. Kb4 {[%clk 00:33:25]} {[%emt 00:00:10]} b2 {[%clk 00:40:09]} {[%emt
00:00:22]} 52. gxh7+ {[%clk 00:33:12]} {[%emt 00:00:16]} Kxh7 {[%emt 00:00:17]}
53. Kxc3 {[%emt 00:00:06]} b1=R {[%clk 00:39:37]} {[%emt 00:00:15]} 54. Kd4
{[%clk 00:33:05]} {[%emt 00:00:12]} Rc1 {[%clk 00:39:31]} {[%emt 00:00:12]} 55.
Kd3 {[%clk 00:33:01]} {[%emt 00:00:09]} Qc2+ {[%clk 00:39:18]} {[%emt
00:00:17]} 56. Ke3 {[%clk 00:32:54]} {[%emt 00:00:12]} Rd1 {[%emt 00:00:13]}
57. Kf3 {[%emt 00:00:10]} Re1 {[%clk 00:38:50]} {[%emt 00:00:08]} 58. Kg3
{[%clk 00:32:43]} {[%emt 00:00:18]} Rf1 {[%clk 00:38:46]} {[%emt 00:00:09]} 59.
Kg4 {[%clk 00:32:34]} {[%emt 00:00:15]} Qg2+ {[%clk 00:38:42]} {[%emt
00:00:09]} 60. Kh4 {[%clk 00:32:30]} {[%emt 00:00:08]} Rh1# {[%emt 00:00:10]}
0-1